[Event "Tourn. n8728"]
[Site "www.chess-mail.com"]
[Date "2016.05.20"]
[Round "1"]
[White "Louis"]
[Black "Attatroll"]
[WhiteElo "1940"]
[BlackElo "1940"]
[Result "1-0"]
[Round "1"]
1.c4 Ng8f6
2.d4 g6
3.Nb1c3 d5
4.cxd5 Nf6xd5
5.Nc3xd5 Qd8xd5
6.e3 c5
7.Ng1e2 Bf8g7
8.Ne2c3 Qd5d8
9.d5 O-O
10.e4 e6
11.Bf1c4 a6
12.O-O b5
13.Bc4e2 Bc8b7
14.Bc1e3 Nb8d7
15.dxe6 fxe6
16.Qd1d6 Qd8e8
17.Ra1d1 Ra8d8
18.Be2g4 Kf7
19.Qd6c7 Bg7xc3
20.bxc3 Bb7xe4
21.Be3h6 Rf8g8
22.Rd1d6 Qe8e7
23.Rd6xe6 Qe7h4
24.Qc7f4 Be4f5
25.Bh6g5 Qh4xg4
26.Re6e7 Kf8
27.Qf4d6 Qg4xg5
28.Re7xd7 Ke8
29.Rf1e1 { resign }
1-0

[Event "Tourn. n8765"]
[Site "www.chess-mail.com"]
[Date "2016.05.20"]
[Round "1"]
[White "Huw"]
[Black "Umzi"]
[WhiteElo "2290"]
[BlackElo "2150"]
[Result "1-0"]
[Round "1"]
1.d4 d5
2.c4 dxc4
3.Ng1f3 Ng8f6
4.Nb1c3 e6
5.e3 Bf8e7
6.Bf1xc4 O-O
7.O-O Nb8d7
8.Qd1c2 c5
9.Rf1d1 cxd4
10.exd4 Qd8c7
11.Bc4d3 h6
12.b3 b6
13.Bc1b2 Bc8b7
14.Nf3d2 Nf6g4
15.Nd2f1 Be7d6
16.Qc2e2 Ng4xh2
17.Nc3b5 Nh2f3
18.gxf3 Qc7b8
19.Nb5xd6 Qb8xd6
20.Bd3e4 { resign }
1-0

[Event "Tourn. n8762"]
[Site "www.chess-mail.com"]
[Date "2016.05.20"]
[Round "1"]
[White "Derfel83"]
[Black "Romaamor69"]
[WhiteElo "2100"]
[BlackElo "2069"]
[Result "0-1"]
[Round "1"]
1.e4 e6
2.d4 d5
3.Nb1c3 Bf8b4
4.e5 c5
5.a3 Bb4xc3
6.bxc3 Ng8e7
7.Qd1g4 cxd4
8.cxd4 Qd8c7
9.c4 O-O
10.Ng1f3 dxc4
11.Ra1b1 Qc7a5
12.Rb1b4 Nb8c6
13.Bc1h6 Ne7g6
14.Bh6d2 c3
15.Bd2xc3 Qa5xa3
16.Rb4c4 Qa3c1
17.Ke2 Ng6f4
{ resign }
0-1

[Event "Match"]
[Site "www.echecsemail.com"]
[Date "2016.05.20"]
[Round "1"]
[White "Snickers"]
[Black "Glenno"]
[WhiteElo "2060"]
[BlackElo "2440"]
[Result "1/2-1/2"]
[Round "1"]
1.Ng1f3 d5
2.g3 Ng8f6
3.Bf1g2 c6
4.d4 Bc8f5
5.O-O e6
6.Nb1d2 h6
7.c4 Nb8d7
8.b3 Bf8d6
9.Bc1b2 O-O
10.c5 Bd6e7
11.b4 a5
12.a3 Qd8c7
13.Qd1b3 axb4
14.axb4 b6
15.Ra1xa8 Rf8xa8
16.Rf1a1 Ra8xa1
17.Bb2xa1 Qc7b7
18.h3 bxc5
19.bxc5 Qb7xb3
20.Nd2xb3 { draw }
1/2-1/2

[Event "Match"]
[Site "www.echecsemail.com"]
[Date "2016.05.20"]
[Round "1"]
[White "Jhzes"]
[Black "Heiserman"]
[WhiteElo "2229"]
[BlackElo "2340"]
[Result "0-1"]
[Round "1"]
1.f4 d5
2.d4 Bc8f5
3.c4 Ng8f6
4.Nb1c3 e6
5.h3 Bf8e7
6.c5 O-O
7.g4 Nf6e4
8.Ng1f3 Be7h4
{ resign }
0-1

[Event "Match"]
[Site "www.echecsemail.com"]
[Date "2016.05.20"]
[Round "1"]
[White "Billyg"]
[Black "Mars91"]
[WhiteElo "1610"]
[BlackElo "1789"]
[Result "0-1"]
[Round "1"]
1.e4 c5
2.Ng1f3 Nb8c6
3.d4 cxd4
4.c3 d5
5.cxd4 dxe4
6.d5 exf3
7.Qd1xf3 Nc6b8
8.Bf1b5 Bc8d7
9.Bb5xd7 Nb8xd7
10.O-O Ng8f6
11.Rf1d1 g6
12.Rd1e1 Bf8g7
13.d6 e6
14.Qf3xb7 O-O
15.Qb7b4 Ra8b8
16.Qb4a3 Qd8b6
17.Re1e2 Rf8c8
18.Nb1c3 Bg7f8
19.Bc1f4 e5
20.Bf4e3 Qb6b7
21.b3 Rc8xc3
22.Ra1b1 a6
23.f4 Nf6g4
24.fxe5 Ng4xe3
25.Rb1c1 Rc3xc1
26.Qa3xc1 Ne3f5
27.e6 fxe6
28.Qc1c4 Qb7d5
29.Qc4f4 Bf8xd6
30.Qf4c1 Bd6c5
31.Kh1 Nf5g3
32.hxg3 Qd5h5
{ resign }
0-1

[Event "Match"]
[Site "www.echecsemail.com"]
[Date "2016.05.20"]
[Round "1"]
[White "Pariolinius"]
[Black "Sonny1000"]
[WhiteElo "1600"]
[BlackElo "1520"]
[Result "1-0"]
[Round "1"]
1.c4 e5
2.Nb1c3 c6
3.e4 Bf8c5
4.Ng1f3 Qd8f6
5.g3 Ng8h6
6.h3 g5
7.Bf1g2 g4
8.hxg4 Nh6xg4
9.O-O Nb8a6
10.a3 Ng4xf2
11.Rf1xf2 Bc5xf2
12.Kxf2 Na6c5
13.d3 O-O
14.Bc1g5 Qf6e6
15.Nf3h4 f6
16.Bg5h6 Rf8f7
17.Nh4f5 b6
18.Qd1g4 Rf7g7
19.Qg4xg7 { resign }
1-0

[Event "Match"]
[Site "www.echecsemail.com"]
[Date "2016.05.20"]
[Round "1"]
[White "Mars91"]
[Black "Ditto"]
[WhiteElo "1789"]
[BlackElo "1620"]
[Result "1-0"]
[Round "1"]
1.e4 e5
2.Ng1f3 Nb8c6
3.Bf1c4 Ng8f6
4.d3 Bf8c5
5.O-O O-O
6.Nb1c3 d6
7.Bc1g5 Bc8g4
8.Bg5e3 Bc5xe3
9.fxe3 Nc6e7
10.Qd1d2 c6
11.Qd2f2 b5
12.Bc4b3 Ne7g6
13.h3 Bg4c8
14.a3 Bc8b7
15.Nf3h4 Nf6d7
16.Nh4xg6 hxg6
17.Bb3xf7 Kh8
18.Qf2g3 Nd7f6
19.Bf7xg6 Nf6h7
20.Rf1xf8 Nh7xf8
21.Ra1f1 Nf8xg6
22.Qg3xg6 Qd8g8
23.Rf1f5 Qg8e8
24.Rf5h5 Kg8
25.Qg6h7 Kf7
26.Rh5f5 Ke6
27.Qh7xg7 Bb7c8
28.Rf5f6 { resign }
1-0

[Event "Match"]
[Site "www.echecsemail.com"]
[Date "2016.05.20"]
[Round "1"]
[White "Fangshuo"]
[Black "Gambitplayer"]
[WhiteElo "2050"]
[BlackElo "1710"]
[Result "1/2-1/2"]
[Round "1"]
1.e4 c6
2.d4 d5
3.e5 Bc8f5
4.Ng1f3 e6
5.b3 Nb8d7
6.Bc1b2 c5
7.Bf1b5 a6
8.Bb5d3 Bf5xd3
9.Qd1xd3 Ng8h6
10.Nb1d2 Nh6f5
11.O-O Nf5xd4
12.Nf3xd4 cxd4
13.Bb2xd4 Bf8c5
14.f4 Bc5xd4
15.Qd3xd4 Qd8b6
16.Nd2f3 Qb6xd4
17.Nf3xd4 g6
18.Ra1c1 Ke7
19.c4 dxc4
20.Rc1xc4 Ra8c8
{ draw }
1/2-1/2

[Event "Match"]
[Site "www.echecsemail.com"]
[Date "2016.05.20"]
[Round "1"]
[White "Jhzes"]
[Black "Bojan"]
[WhiteElo "1809"]
[BlackElo "1910"]
[Result "0-1"]
[Round "1"]
1.Nb1c3 g6
2.d4 Bf8g7
3.Bc1f4 Ng8f6
4.e4 d5
5.Nc3b5 O-O
6.Nb5xc7 Nf6h5
7.exd5 Nh5xf4
8.Nc7xa8 Bc8f5
9.c3 Nf4xd5
10.Qd1b3 b6
11.g3 Bf5e6
12.Qb3c2 Nb8d7
13.Na8xb6 Nd7xb6
14.Bf1d3 Nd5f6
15.f3 Nb6c4
16.Bd3xc4 Be6xc4
17.b3 Bc4e6
18.O-O-O Nf6d5
19.Rd1e1 Qd8a5
20.Kd2 Rf8c8
21.Ng1e2 Be6h3
22.Re1a1 Nd5b4
23.Qc2e4 Bh3f5
24.Qe4xe7 Nb4d5
25.b4 Qa5a3
26.Qe7h4 Nd5xc3
27.g4 Qa3b2
28.Ke3 Qb2xe2
29.Kf4 Bg7xd4
30.gxf5 Bd4e5
31.Kg5 Qe2g2
32.Qh4g4 Be5f6
33.Kxf6 Rc8c6
34.Kg5 f6
35.Kh6 Qg2d2
36.f4 g5
37.Ra1e1 Qd2d7
38.fxg5 Qd7g7
39.Kh5 Nc3d5
40.h4 fxg5
41.hxg5 Rc6h6
42.gxh6 Nd5f6
{ resign }
0-1

[Event "Match"]
[Site "www.echecsemail.com"]
[Date "2016.05.20"]
[Round "1"]
[White "Canario"]
[Black "Elogic"]
[WhiteElo "1870"]
[BlackElo "1860"]
[Result "1-0"]
[Round "1"]
1.e4 Ng8f6
2.e5 Nf6d5
3.d4 c6
4.Bf1c4 e6
5.Bc4xd5 cxd5
6.Nb1c3 a6
7.Ng1f3 d6
8.Bc1f4 dxe5
9.Bf4xe5 Nb8c6
10.a3 f6
11.Be5g3 Bf8d6
12.Qd1d3 Bd6xg3
13.hxg3 f5
14.Qd3e3 Qd8b6
15.O-O-O Bc8d7
16.Nf3e5 Nc6xe5
17.Qe3xe5 O-O
18.f4 Ra8e8
19.Nc3a2 Re8c8
20.c3 Bd7a4
21.Rd1d2 a5
22.Rh1e1 Rf8e8
23.Re1h1 Qb6b3
24.Kb1 Rc8c6
25.Qe5e3 b6
26.g4 fxg4
27.g3 b5
28.Rd2h2 h6
29.Qe3e5 Re8e7
30.f5 b4
31.f6 Re7f7
32.fxg7 bxc3
33.Na2xc3 Rc6xc3
34.Rh2xh6 Qb3c2
35.Ka1 Rc3xa3
36.bxa3 Qc2c3
37.Ka2 Qc3b3
38.Ka1  { time }
1-0

[Event "Match"]
[Site "www.echecsemail.com"]
[Date "2016.05.20"]
[Round "1"]
[White "Ostapbender"]
[Black "Nimzo"]
[WhiteElo "2720"]
[BlackElo "2800"]
[Result "0-1"]
[Round "1"]
1.c4 Ng8f6
2.Nb1c3 e6
3.d4 Bf8b4
4.e3 c5
5.Bf1d3 Nb8c6
6.Ng1f3 Bb4xc3
7.bxc3 d6
8.e4 e5
9.d5 Nc6e7
10.Ra1b1 Ne7g6
11.O-O O-O
12.Nf3e1 b6
13.g3 Nf6e8
14.Qd1h5 Qd8d7
15.Ne1g2 Qd7h3
16.Qh5xh3 Bc8xh3
17.f3 f5
18.exf5 Bh3xf5
19.Bd3xf5 Rf8xf5
20.Ng2e3 Rf5f7
21.a4 Ne8f6
 { time }
0-1

[Event "Match"]
[Site "www.echecsemail.com"]
[Date "2016.05.20"]
[Round "1"]
[White "Iko"]
[Black "Traversaro"]
[WhiteElo "1670"]
[BlackElo "1669"]
[Result "0-1"]
[Round "1"]
1.e4 e5
2.Ng1f3 Nb8c6
3.Bf1b5 a6
4.Bb5xc6 dxc6
5.Nf3xe5 Qd8d4
6.Qd1h5 Qd4xe4
7.Qh5e2 Qe4xe2
8.Kxe2 f6
9.Ne5f3 Bc8e6
10.Nf3d4 Be6d5
11.f3 O-O-O
12.Rh1e1 Bf8c5
13.Nd4e6 Bd5xe6
14.Kd1 Be6f5
15.g4 Bf5g6
16.d3 Ng8e7
17.Bc1e3 Bc5xe3
18.Re1xe3 Ne7d5
19.Re3e6 Rh8e8
20.Re6xe8 Rd8xe8
21.h4 h5
22.g5 fxg5
23.hxg5 Re8e5
24.Nb1d2 Re5xg5
25.Nd2e4 Rg5g1
26.Kd2 Rg1xa1
27.Ne4g5 Ra1xa2
28.Ng5e6 Ra2xb2
29.Ne6xg7 Kd7
30.Kc1 Rb2b4
31.Kd2 Rb4f4
32.Ke2 h4
33.c4 Nd5e7
34.Ke3 Rf4f7
35.Ng7e8 Kxe8
36.f4 h3
37.Kf3 h2
38.Kg2 Rf7h7
39.Kh1 Bg6xd3
40.c5 Bd3e4

0-1

[Event "Match"]
[Site "www.echecsemail.com"]
[Date "2016.05.20"]
[Round "1"]
[White "Amo"]
[Black "Chtoubidou"]
[WhiteElo "1809"]
[BlackElo "1900"]
[Result "0-1"]
[Round "1"]
1.e3 d5
2.d4 Ng8f6
3.f3 Bc8f5
4.Bf1d3 Bf5g6
5.Bd3xg6 hxg6
6.Nb1c3 e6
7.Bc1d2 c5
8.dxc5 Bf8xc5
9.Ng1e2 Nb8c6
 { time }
0-1

[Event "Match"]
[Site "www.echecsemail.com"]
[Date "2016.05.20"]
[Round "1"]
[White "Jhzes"]
[Black "Fangshuo"]
[WhiteElo "2319"]
[BlackElo "2060"]
[Result "0-1"]
[Round "1"]
1.d4 d5
2.Nb1c3 Ng8f6
3.Bc1f4 Nb8c6
4.Nc3b5 e5
5.dxe5 Nc6xe5
6.Bf4xe5 Bf8b4
7.c3 Bb4a5
8.Be5xf6 Qd8xf6
9.Qd1xd5 O-O
10.Qd5f3 Qf6e5
11.e3 c6
12.Nb5a3 Ba5xc3
13.Kd1 Rf8d8
14.Kc2 Bc8f5
15.Kb3 Bc3xb2
16.Ra1d1 Qe5c3
{ resign }
0-1

[Event "Match"]
[Site "www.echecsemail.com"]
[Date "2016.05.20"]
[Round "1"]
[White "Coventry"]
[Black "Wwgia"]
[WhiteElo "1860"]
[BlackElo "2180"]
[Result "1/2-1/2"]
[Round "1"]
1.c4 Ng8f6
2.g3 c6
3.d4 d5
4.cxd5 cxd5
5.Bf1g2 Nb8c6
6.Ng1f3 e6
7.O-O Bf8e7
8.Nb1c3 O-O
9.a3 b6
10.b4 Bc8d7
11.Bc1b2 a5
12.b5 Nc6a7
13.a4 Na7c8
14.Ra1c1 Nc8d6
15.Nf3e5 Ra8c8
16.h3 Nd6c4
17.Ne5xc4 Rc8xc4
18.e3 Qd8b8
19.Rf1e1 Rf8c8
20.Bg2f1 Rc4c7
21.Qd1d3 Be7b4
22.Re1d1 Rc7c4
23.Nc3a2 Rc4xc1
24.Rd1xc1 Rc8xc1
25.Bb2xc1 Bb4d6
26.Kg2 Qb8c7
27.Bc1b2 { draw }
1/2-1/2

[Event "1/128 Finale"]
[Site "www.chess-mail.com"]
[Date "2016.05.20"]
[Round "1"]
[White "Bluetealeaf"]
[Black "Towerbridge"]
[WhiteElo "1740"]
[BlackElo "1550"]
[Result "1-0"]
[Round "1"]
1.e4 c5
2.Ng1f3 Nb8c6
3.c3 e6
4.Bf1c4 d6
5.d3 Ng8f6
6.h3 Bf8e7
7.Nb1a3 a6
8.Bc1e3 O-O
9.g4 b5
10.Bc4b3 Bc8b7
11.g5 Nf6d7
12.h4 Nd7b6
13.h5 d5
14.h6 g6
15.Nf3h4 dxe4
16.dxe4 Qd8c7
17.Qd1f3 Nc6e5
18.Qf3e2 c4
19.Bb3c2 Ra8d8
20.Be3d4  { time }
1-0

[Event "1/64 Finale"]
[Site "www.chess-mail.com"]
[Date "2016.05.20"]
[Round "1"]
[White "Amaya"]
[Black "Plymouth"]
[WhiteElo "2040"]
[BlackElo "1769"]
[Result "1-0"]
[Round "1"]
1.d4 d5
2.e3 Ng8f6
3.Bf1d3 g6
4.f4 Bf8g7
5.Nb1d2 O-O
6.Ng1f3 Nb8d7
7.O-O c5
8.c3 b6
9.Nf3e5 Bc8b7
10.Qd1f3 Qd8c7
11.a4 Nd7xe5
12.fxe5 Nf6d7
13.e4 dxe4
14.Bd3xe4 Bb7xe4
15.Nd2xe4 cxd4
16.cxd4 e6
17.Qf3h3 Qc7c6
18.Ne4f6  { time }
1-0

[Event "1/128 Finale"]
[Site "www.chess-mail.com"]
[Date "2016.05.20"]
[Round "1"]
[White "Jhzes"]
[Black "Guidom"]
[WhiteElo "1809"]
[BlackElo "2060"]
[Result "0-1"]
[Round "1"]
1.e4 e5
2.Ng1f3 Nb8c6
3.Bf1c4 d6
4.c3 Bf8e7
5.d4 Ng8f6
6.d5 Nc6b8
7.Qd1d3 Nb8d7
8.Bc1e3 O-O
9.Nb1d2 Nd7b6
10.Bc4b3 Bc8g4
11.h3 Bg4h5
12.g4 Bh5g6
13.Nf3h4 Qd8d7
14.Nh4xg6 hxg6
15.f4 exf4
16.Be3xf4 c5
17.Nd2c4 Nb6xc4
18.Bb3xc4 a6
19.a4 Rf8e8
20.O-O Ra8b8
21.Qd3f3 b5
22.axb5 axb5
23.Bc4d3 b4
24.c4 Nf6h7
25.Bd3c2 Be7f6
26.Bc2a4 Qd7e7
27.Ba4xe8 Rb8xe8
28.Ra1a2 Bf6d4
29.Kg2 Nh7f6
30.Bf4g5 Qe7xe4
31.Qf3xe4 Nf6xe4
32.Bg5f4 f5
33.b3 g5
34.Bf4h2 f4
35.Rf1f3 Ne4c3
36.Ra2a6 Re8e2
37.Kh1 Nc3e4
38.Rf3f1 Bd4e5
39.Kg1 Be5d4
40.Kh1 Kf7
41.h4 Bd4e5
42.hxg5 Ne4f2
43.Kg2 Nf2xg4
44.Kf3 Ng4xh2
45.Kxe2 Nh2xf1
46.Kxf1 Kg6
47.Kf2 Kxg5
48.Kf3 Kf5
49.Ra6a8 g5
50.Ra8g8 Be5f6
51.Rg8f8 g4
52.Kg2 Kg6
53.Rf8g8 Bf6g7
54.Rg8d8 Bg7e5
55.Rd8g8 Kf5
56.Rg8f8 Ke4
57.Rf8g8 f3
58.Kf2 g3
59.Kg1 g2
60.Rg8e8 Ke3
61.Re8xe5 dxe5
62.d6 Ke2
63.d7 f2
{ resign }
0-1

[Event "Eq:Equipo Juan Diaz-Slap Shot Mates : "]
[Site "www.chess-mail.com"]
[Date "2016.05.20"]
[Round "1"]
[White "Leswamp"]
[Black "Astigitana"]
[WhiteElo "2320"]
[BlackElo "2450"]
[Result "1-0"]
[Round "1"]
1.d4 d5
2.c4 e6
3.Ng1f3 Ng8f6
4.Nb1c3 Bf8e7
5.Bc1f4 O-O
6.e3 c6
7.Qd1c2 dxc4
8.Bf1xc4 b5
9.Bc4d3 Bc8b7
10.Nf3g5 h6
11.h4 a6
12.O-O-O Nb8d7
13.Nc3e4 Qd8a5
14.Kb1 c5
15.dxc5 Bb7d5
16.Ne4c3 Bd5c6
17.Bd3h7 Kh8
18.Bh7e4 Nf6xe4
19.Nc3xe4 f5
20.Ne4d6 Bc6xg2
21.Ng5f7 { resign }
1-0

[Event "Fast Game"]
[Site "www.echecsemail.com"]
[Date "2016.05.20"]
[Round "1"]
[White "Derfel83"]
[Black "Grimsby"]
[WhiteElo "1560"]
[BlackElo "1399"]
[Result "1/2-1/2"]
[Round "1"]
1.e4 e6
2.d4 d5
3.exd5 exd5
4.Bf1d3 Ng8f6
5.Bc1f4 Bf8d6
6.Bf4xd6 Qd8xd6
7.Ng1f3 O-O
8.O-O Bc8g4
9.c3 Nb8d7
10.Nb1d2 Rf8e8
11.Qd1c2 Bg4xf3
12.Nd2xf3 h6
13.Rf1e1 c6
14.Nf3h4 Re8xe1
15.Ra1xe1 Ra8e8
16.Re1xe8 Nf6xe8
17.Qc2e2 Ne8f6
18.h3 g6
19.Qe2e3 Kg7
20.a4 Nd7f8
21.b4 Nf8e6
22.Nh4f3 Qd6f4
23.Nf3e5 Qf4xe3
24.fxe3 h5
25.c4 dxc4
26.Bd3xc4 a6
27.a5 Ne6d8
{ draw }
1/2-1/2

[Event "Fast Game"]
[Site "www.echecsemail.com"]
[Date "2016.05.20"]
[Round "1"]
[White "Claudia"]
[Black "Attatroll"]
[WhiteElo "1809"]
[BlackElo "1850"]
[Result "1-0"]
[Round "1"]
1.d4 Ng8f6
2.c4 g6
3.Nb1c3 d5
4.cxd5 Nf6xd5
5.e4 Nd5xc3
6.bxc3 Bf8g7
7.Bc1g5 O-O
8.Ra1c1 c5
9.Ng1f3 Qd8a5
10.Qd1d2 Rf8d8
11.Bg5xe7 Rd8e8
12.Be7xc5 Re8xe4
13.Bf1e2 Nb8c6
14.O-O Bc8g4
15.h3 Bg4f5
16.Be2d3 Nc6xd4
17.Bc5xd4 Bg7xd4
18.Bd3xe4 Bd4xc3
19.Qd2xc3 Qa5xc3
20.Rc1xc3 Bf5xe4
21.Nf3d4 Ra8d8
22.Nd4b3 { resign }
1-0

[Event "Tourn. n8774"]
[Site "www.chess-mail.com"]
[Date "2016.05.21"]
[Round "1"]
[White "Viru"]
[Black "Jhzes"]
[WhiteElo "1840"]
[BlackElo "1809"]
[Result "1-0"]
[Round "1"]
1.e4 a6
2.d4 c5
3.d5 e6
4.c4 b5
5.b3 bxc4
6.Bf1xc4 Bc8b7
7.Nb1c3 Qd8h4
8.Ng1f3 Qh4g4
9.h3 Qg4xg2
10.Rh1g1 Qg2xh3
11.Bc4f1 Qh3h5
12.Rg1g5 Qh5h6
13.dxe6 fxe6
14.Rg5xc5 Qh6h1
15.Rc5c7 Ra8a7
16.Bc1e3 Kd8
17.Be3b6 Bb7c6
18.Rc7xa7 Ke8
19.Bb6c7 Bf8c5
20.Bc7xb8 Bc5b4
21.Ra1c1 Bc6b5
22.Kd2 Bb5xf1
23.Kc2 Ng8f6
24.e5 Bb4xc3
25.exf6 Kf7
26.Qd1xd7 Kg6
27.Qd7xg7 Kf5
28.Qg7g5 Ke4
29.Qg5g4 Kd5
30.Ra7d7 Kc6
31.Qg4xe6 Kc5
32.Qe6d6 { resign }
1-0

[Event "Tourn. n8778"]
[Site "www.chess-mail.com"]
[Date "2016.05.21"]
[Round "1"]
[White "Jhzes"]
[Black "Oroden"]
[WhiteElo "1809"]
[BlackElo "1809"]
[Result "0-1"]
[Round "1"]
1.d4 Ng8f6
2.Nb1c3 d5
3.Bc1f4 Bc8f5
4.Nc3b5 Nb8a6
5.Ng1f3 c6
6.Nb5a3 Qd8b6
7.b3 e5
8.dxe5 Nf6e4
9.Bf4e3 Qb6a5
10.Nf3d2 Bf8xa3
11.Qd1b1 Ne4c3
12.b4 Na6xb4
13.Nd2b3 Qa5a4
14.Nb3c5 Nb4xc2
{ resign }
0-1

[Event "Tourn. n8763"]
[Site "www.chess-mail.com"]
[Date "2016.05.21"]
[Round "1"]
[White "Caspito"]
[Black "Gandalf"]
[WhiteElo "1730"]
[BlackElo "1600"]
[Result "1-0"]
[Round "1"]
1.e4 c5
2.b3 Nb8c6
3.Bf1b5 Ng8f6
4.Nb1c3 d6
5.Bb5xc6 bxc6
6.d3 g6
7.Bc1b2 Bf8g7
8.Qd1d2 O-O
9.O-O-O  { time }
1-0

[Event "Tourn. n8774"]
[Site "www.chess-mail.com"]
[Date "2016.05.21"]
[Round "1"]
[White "Jhzes"]
[Black "Biggles"]
[WhiteElo "1809"]
[BlackElo "1980"]
[Result "0-1"]
[Round "1"]
1.Nb1c3 e5
2.Ng1f3 Nb8c6
3.e4 Ng8f6
4.Bf1b5 d6
5.Bb5xc6 bxc6
6.d4 Bc8a6
7.dxe5 dxe5
8.Qd1xd8 Ra8xd8
9.Nf3xe5 Bf8b4
10.Ne5xc6 Bb4xc3
11.bxc3 Rd8d6
12.Nc6xa7 Nf6xe4
13.Bc1b2 O-O
14.Ra1d1 Rd6e6
15.Rh1g1 Ne4xc3
16.Kd2 Nc3xa2
17.Rg1e1 Rf8d8
{ resign }
0-1

[Event "Tourn. n8765"]
[Site "www.chess-mail.com"]
[Date "2016.05.21"]
[Round "1"]
[White "Umzi"]
[Black "Faerieking"]
[WhiteElo "2140"]
[BlackElo "2260"]
[Result "0-1"]
[Round "1"]
1.e4 d5
2.exd5 Ng8f6
3.Bf1b5 Bc8d7
4.Bb5xd7 Nb8xd7
5.c4 Nd7b6
6.d3 e6
7.dxe6 Bf8b4
8.Nb1c3 Qd8e7
9.Ng1e2 O-O-O
10.O-O Qe7xe6
11.Qd1c2 h6
12.a3 Bb4xc3
13.Ne2xc3 Nf6g4
14.Bc1f4 Qe6f5
15.Bf4g3 Qf5xd3
16.Qc2b3 Qd3xc4
17.Qb3xc4 Nb6xc4
18.b3 Nc4d2
19.Rf1e1 Nd2xb3
20.Ra1b1 Nb3d2
21.Rb1b4 f5
22.h3 Ng4f6
23.Bg3xc7 Kxc7
24.Re1e7 Rd8d7
{ resign }
0-1

[Event "Tourn. n8718"]
[Site "www.chess-mail.com"]
[Date "2016.05.21"]
[Round "1"]
[White "Mars91"]
[Black "Andychesston"]
[WhiteElo "2020"]
[BlackElo "2000"]
[Result "0-1"]
[Round "1"]
1.Ng1f3 d5
2.d4 e6
3.c3 Bf8e7
4.g3 b6
5.Bf1g2 Bc8b7
6.O-O Ng8f6
7.Bc1g5 Nb8d7
8.Nb1d2 O-O
9.Rf1e1 Be7d6
10.e4 dxe4
11.Nd2xe4 Bb7xe4
12.Re1xe4 Qd8c8
13.Re4e1 Rf8e8
14.Bg5xf6 Nd7xf6
15.Nf3e5 Bd6xe5
16.Re1xe5 Ra8b8
17.Re5e1 { time. }
0-1

[Event "Tourn. n8670"]
[Site "www.chess-mail.com"]
[Date "2016.05.21"]
[Round "1"]
[White "Sik"]
[Black "Jjmcbride"]
[WhiteElo "1680"]
[BlackElo "1690"]
[Result "1-0"]
[Round "1"]
1.e4 e5
2.Ng1f3 d6
3.d4 Ng8f6
4.Bf1d3 exd4
5.Nf3xd4 c5
6.Nd4f3 Bc8e6
7.c4 h6
8.O-O Nb8c6
9.Nb1c3 Be6g4
10.h3 Bg4d7
11.a3 Nc6e5
12.Bc1f4 Qd8c7
13.Nc3d5 Qc7c6
14.Bf4xe5 dxe5
15.Nf3xe5 Qc6d6
16.Ne5xd7 Nf6xd7
17.Qd1a4 a6
18.e5 Qd6b8
19.Bd3f5 b5
20.cxb5 Qb8b7
21.b6 Ra8d8
22.Ra1d1 Bf8e7
23.Bf5xd7 Rd8xd7
24.Nd5c7 Kf8
25.Qa4xd7 g5
26.Nc7e6 { resign }
1-0

[Event "Tourn. n8725"]
[Site "www.chess-mail.com"]
[Date "2016.05.21"]
[Round "1"]
[White "Azulmarino"]
[Black "Redabond"]
[WhiteElo "1490"]
[BlackElo "1550"]
[Result "0-1"]
[Round "1"]
1.e4 e5
2.Ng1f3 Nb8c6
3.Bf1c4 Ng8f6
4.Nb1c3 h6
5.d3 Bf8c5
6.Qd1e2 O-O
7.Bc1xh6 Nf6g4
8.Bh6g5 Qd8e8
9.h3 Ng4f6
10.Nc3d5 Nf6xd5
11.exd5 Nc6d4
12.Nf3xd4 Bc5xd4
13.c3 Bd4b6
14.O-O d6
15.d4 exd4
16.Qe2h5 f6
17.Qh5xe8 Rf8xe8
18.Bg5f4 dxc3
19.bxc3 Re8e4
20.Bc4d3 Re4xf4
21.g3 Rf4f3
22.Ra1e1 Bc8xh3
23.Bd3e4 Rf3xc3
24.Be4g6 Bh3xf1
25.Kxf1 Rc3f3
26.Kg2 Rf3xf2
27.Kh3 Kf8
28.Re1h1 Rf2xa2
29.Kg4 Ra2d2
30.Rh1h8 Ke7
31.Rh8xa8 Rd2d4
32.Kh3 f5
33.Bg6xf5 Rd4xd5
34.g4 Rd5d1
35.Ra8g8 Kf7
36.g5 Kxg8
37.g6 Rd1e1
38.Bf5c8 Re1g1
39.Bc8xb7 Rg1xg6
40.Bb7e4 Rg6g1
41.Be4g2 Rg1xg2
42.Kxg2 Kf7
43.Kf3 a5
{ resign }
0-1

[Event "Tourn. n8706"]
[Site "www.chess-mail.com"]
[Date "2016.05.21"]
[Round "1"]
[White "Cal"]
[Black "Gandalf"]
[WhiteElo "1620"]
[BlackElo "1610"]
[Result "1-0"]
[Round "1"]
1.c4 f5
2.Nb1c3 Ng8f6
3.e3 g6
4.d3 Bf8g7
5.Ng1f3 d6
6.h3 e5
7.b4 O-O
8.Bc1b2 c6
9.Bf1e2 Qd8e7
10.O-O h6
11.Qd1d2 Bc8e6
12.a4 Nb8d7
13.Nf3h2 Ra8e8
14.f3 Be6f7
15.a5 Kh7
16.e4 Bf7e6
17.exf5 gxf5
18.Ra1e1 Kh8
19.c5 d5
20.Bb2c1 d4
21.Nc3d1 Nf6d5
22.Nd1f2 Nd5e3
23.f4 exf4
24.Nh2f3 Be6f7
25.Nf2h1 Qe7f6
26.Rf1f2 Bf7d5
27.Kh2 Qf6f7
28.Be2d1 Rf8g8
29.g3 fxg3
30.Nh1xg3  { time }
1-0

[Event "Tourn. n8725"]
[Site "www.chess-mail.com"]
[Date "2016.05.21"]
[Round "1"]
[White "Genius3"]
[Black "Azulmarino"]
[WhiteElo "1680"]
[BlackElo "1490"]
[Result "1-0"]
[Round "1"]
1.Nb1c3 c6
2.d4 Ng8f6
3.e4 d5
4.e5 Nf6e4
5.Nc3xe4 dxe4
6.c3 Bc8f5
7.Qd1b3 b5
8.a4 Bf5e6
9.Qb3c2 Be6f5
10.Bc1e3 e6
11.axb5 g5
12.bxc6 Nb8xc6
13.Bf1b5 Qd8b6
14.Qc2a4 Ra8c8
15.Bb5xc6 Rc8xc6
16.d5 Qb6xb2
17.Qa4xc6 Kd8
18.Ra1d1 exd5
19.Rd1xd5 Ke7
20.Qc6d6 { resign }
1-0

[Event "Tourn. n8786"]
[Site "www.chess-mail.com"]
[Date "2016.05.21"]
[Round "1"]
[White "Yangqi"]
[Black "Jhzes"]
[WhiteElo "2660"]
[BlackElo "2319"]
[Result "1-0"]
[Round "1"]
1.e4 e6
2.d4 d5
3.Nb1c3 Bf8b4
4.e5 Bb4xc3
5.bxc3 Nb8c6
6.Qd1g4 g6
7.Ng1f3 h5
8.Qg4g3 Ng8h6
9.Bc1g5 Nh6f5
10.Bg5xd8 Nf5xg3
11.Bd8f6 Ng3xh1
12.Bf6xh8 Bc8d7
13.Bf1d3 O-O-O
14.Bh8f6 Rd8g8
15.Nf3g5 Bd7e8
16.f4 h4
17.Ke2 Nh1g3
18.hxg3 hxg3
19.Ra1h1 b6
20.Bd3a6 Kb8
21.Kf3 Nc6a5
22.Rh1h7 Be8a4
23.Ba6d3 c5
24.Rh7xf7 c4
25.Bd3e2 Rg8e8
26.Be2d1 Re8c8
27.Ng5xe6 Ba4e8
28.Rf7g7 Rc8c6
29.Rg7e7 Rc6c8
30.Kxg3 Na5c6
31.Re7g7 a5
32.Bd1f3 { resign }
1-0

[Event "Tourn. n8702"]
[Site "www.chess-mail.com"]
[Date "2016.05.21"]
[Round "1"]
[White "Tonino1"]
[Black "Raven16"]
[WhiteElo "2210"]
[BlackElo "2180"]
[Result "0-1"]
[Round "1"]
1.d4 d5
2.Ng1f3 Nb8c6
3.e3 Ng8f6
4.Bf1d3 Bc8g4
5.a3 e6
6.b3 Bf8d6
7.Bc1b2 O-O
8.h3 Bg4h5
9.g4 Bh5g6
10.Bd3xg6 fxg6
11.Nb1d2 Qd8e7
12.Nf3e5 Nf6d7
13.f4 Bd6xe5
14.dxe5 Qe7c5
15.Nd2f1 a5
16.Qd1e2 g5
17.Qe2d2 gxf4
18.exf4 d4
19.O-O-O Nd7b6
20.Nf1g3 Ra8d8
21.Ng3e2 d3
22.Ne2c3 dxc2
23.Qd2xc2 Rd8xd1
24.Rh1xd1 Nc6d4
25.Rd1xd4 Qc5xd4
26.Nc3e2 Qd4e3
27.Kb1 Nb6d5
28.Qc2c4 Nd5xf4
29.Ne2xf4 Qe3xf4
30.Qc4xe6 Qf4f7
31.Qe6xf7 Rf8xf7
32.Kc2 Rf7f3
33.h4 Rf3f4
 { time }
0-1

[Event "Tourn. n8767"]
[Site "www.chess-mail.com"]
[Date "2016.05.21"]
[Round "1"]
[White "Traub"]
[Black "Gatrooper"]
[WhiteElo "1460"]
[BlackElo "1480"]
[Result "0-1"]
[Round "1"]
1.d4 d5
2.Ng1f3 Nb8c6
3.e3 Ng8f6
4.Bf1b5 a6
5.Bb5xc6 bxc6
6.Nf3e5 Nf6e4
7.f3 { time. }
0-1

[Event "Tourn. n8720"]
[Site "www.chess-mail.com"]
[Date "2016.05.21"]
[Round "1"]
[White "Goofy"]
[Black "Yangqi"]
[WhiteElo "2370"]
[BlackElo "2660"]
[Result "0-1"]
[Round "1"]
1.e4 c5
2.Ng1f3 e6
3.d4 cxd4
4.Nf3xd4 Nb8c6
5.Nb1c3 Qd8c7
6.g3 a6
7.Bf1g2 Ng8f6
8.O-O Nc6xd4
9.Qd1xd4 Bf8c5
10.Bc1f4 d6
11.Qd4d2 h6
12.Ra1d1 e5
13.Bf4e3 Bc8e6
14.a3 Bc5xe3
15.Qd2xe3 O-O
16.Rd1d2 Ra8c8
17.Nc3d5 Be6xd5
18.exd5 Nf6d7
19.g4 Nd7b6
20.b3 Qc7c3
21.Bg2e4 Qc3xe3
22.fxe3 Rc8c3
23.Kf2 Nb6d7
24.h3 Nd7c5
25.Be4g2 f5
26.Ke2 fxg4
27.Rf1xf8 Kxf8
28.hxg4 b5
29.Kf3 Ke7
30.Rd2e2 a5
{ resign }
0-1

[Event "Tourn. n8710"]
[Site "www.chess-mail.com"]
[Date "2016.05.21"]
[Round "1"]
[White "Gandalf"]
[Black "Gfalk"]
[WhiteElo "1610"]
[BlackElo "1690"]
[Result "0-1"]
[Round "1"]
1.e4 c5
2.Nb1c3 Nb8c6
3.f4 g6
4.Ng1f3 Bf8g7
5.Bf1b5 d6
6.O-O Bc8d7
7.d3 Ng8h6
8.Qd1e2 O-O
9.Bb5xc6 bxc6
10.Bc1d2 f5
11.Ra1e1 e5
12.fxe5 dxe5
13.exf5 Bd7xf5
14.Nc3e4 c4
15.Bd2b4 Qd8b6
16.Bb4c5 Qb6xb2
17.Bc5xf8 Ra8xf8
18.dxc4 Nh6g4
19.a4 Bg7h6
20.Ne4g5 e4
 { time }
0-1